000 00477nam a2200181Ia 4500
003 GCL
008 140319s9999 xx 000 0 ara d
040 _aGCL /
_cGCL
082 0 4 _a813.008
_bن ق
100 1 _aنعيم عطية
245 1 0 _aقضية الشاويش صقر: مجموعة قصصية /
_cنعيم عطية
300 _a239 ص
490 _a
650 0 4 _aالادب العربى
650 0 4 _aالقصص
650 0 4 _aالمجموعات
942 _2ddc
_cBK
999 _c40636
_d40636